000 00744nam a2200289Ia 4500
005 20260324135558.0
008 008 260324s9999 xx 000 0 eng d
020 _a9780429237140
037 _aEBOOK
040 _aCRL
040 _beng
040 _cCRL
041 _2eng
041 _aeng
084 _qCRL
100 _aKenneth Anthony Lum
_91201119
245 0 _aPraising His Name In The Dance
245 0 _bSpirit Possession in the Spiritual Baptist Faith and Orisha Work in Trinidad, West Indies
260 _bTaylor and Francis
260 _c2000
365 _a
365 _b220
856 _uhttp://www.taylorfrancis.com/books/9780429237140
942 _cEBOOK
999 _c1802349
_d1802349